People and performance: The best of Peter Drucker on management (Record no. 26951)

MARC details
000 -LEADER
fixed length control field 00301nam a2200109Ia 4500
082 ## - DEWEY DECIMAL CLASSIFICATION NUMBER
Classification number 065
Item number DRU
100 ## - MAIN ENTRY--AUTHOR NAME
Personal name Druckr, Peter F
245 #0 - TITLE STATEMENT
Title People and performance: The best of Peter Drucker on management
260 ## - PUBLICATION, DISTRIBUTION, ETC. (IMPRINT)
Place of publication Bombay
Name of publisher Allied
Year of publication 1977
942 ## - ADDED ENTRY ELEMENTS (KOHA)
Koha item type Books
Holdings
Withdrawn status Lost status Damaged status Not for loan Home library Current library Date acquired Cost, normal purchase price Full call number Accession Number Koha item type
        RRII Library RRII Library 16/12/2021 30.00 065 DRU 07582 Books